[Event "Montesilvano Adriatico op 2nd"]
[Site "Montesilvano"]
[Date "2013.03.02"]
[Round "2"]
[White "Cangiano, Federico"]
[Black "Martorelli, Antonio"]
[Result "0-1"]
[WhiteElo "1914"]
[BlackElo "2227"]
[PlyCount "69"]
[EventDate "2013.03.01"]
[EventType "swiss"]
[EventRounds "5"]
[EventCountry "ITA"]
[SourceTitle "CBM 153 Extra"]
[Source "ChessBase"]
[SourceDate "2013.04.22"]
[SourceVersion "1"]
[SourceVersionDate "2013.04.22"]
[SourceQuality "1"]

1. d4 Nf6 2. Nf3 d6 3. g3 g6 4. Bg2 Bg7 5. 0-0 0-0 6. c4 Nbd7 7. Nc3 e5 8. e4 exd4 9. Nxd4 Re8 10. Re1 a6 11. h3 Rb8 12. a4 Ne5 13. b3 c5 14. Nc2 b6 15. Bb2 Bb7 16. f4 Nc6 17. Rb1 h5 18. Nd5 Nxd5 19. exd5 Ne7 20. Bxg7 Kxg7 21. Ne3 Bc8 22. g4 hxg4 23. hxg4 b5 24. Qc2 Ng8 25. Qf2 bxa4 26. bxa4 Rxb1 27. Rxb1 Qf6 28. Re1 Bd7 29. a5 Qc3 30. f5 g5 31. Bf1 Nf6 32. Bg2 Nxg4 33. Qg3 Rxe3 34. Qxg4 Rxe1+ 35. Kh2 0-1

[Event "Montesilvano Adriatico op 2nd"]
[Site "Montesilvano"]
[Date "2013.03.02"]
[Round "3"]
[White "Franciosi, Fausto"]
[Black "Cangiano, Federico"]
[Result "1-0"]
[WhiteElo "2081"]
[BlackElo "1914"]
[PlyCount "85"]
[EventDate "2013.03.01"]
[EventType "swiss"]
[EventRounds "5"]
[EventCountry "ITA"]
[SourceTitle "CBM 153 Extra"]
[Source "ChessBase"]
[SourceDate "2013.04.22"]
[SourceVersion "1"]
[SourceVersionDate "2013.04.22"]
[SourceQuality "1"]

1. d4 g6 2. c4 Bg7 3. Nf3 d6 4. g3 Nd7 5. Bg2 Ngf6 6. 0-0 0-0 7. Nc3 c6 8. h3 e5 9. e4 Re8 10. d5 c5 11. Be3 h6 12. Nd2 Nh5 13. Kh2 Ndf6 14. a3 a5 15. Rb1 Bd7 16. b4 b6 17. bxc5 bxc5 18. Rb7 Bc8 19. Rb1 Ba6 20. Qc2 Nh7 21. Rb3 Rb8 22. Rfb1 Qc7 23. Qb2 Rxb3 24. Qxb3 Qd8 25. Qb6 Bc8 26. Qxd8 Rxd8 27. Rb8 Nf8 28. Rb6 Nf6 29. Nb3 Ne8 30. Nxa5 Nd7 31. Rb1 Ba6 32. Nc6 Ra8 33. Bf1 f5 34. exf5 g5 35. Ne4 Kf7 36. a4 Bf8 37. Be2 Nc7 38. f4 gxf4 39. gxf4 Kg7 40. fxe5 dxe5 41. Rg1+ Kh7 42. Nxe5 Nxe5 43. Nf6+ 1-0

[Event "Salerno op"]
[Site "Salerno "]
[Date "2012.01.29"]
[Round "5"]
[White "Cangiano, Federico"]
[Black "Cardone, Andrea"]
[Result "0-1"]
[WhiteElo "1963"]
[BlackElo "1875"]
[PlyCount "100"]
[EventDate "2012.01.27"]
[EventType "swiss"]
[EventRounds "6"]
[EventCountry "ITA"]
[SourceTitle "EXT 2014"]
[Source "ChessBase"]
[SourceDate "2013.11.20"]
[SourceVersion "1"]
[SourceVersionDate "2013.11.20"]
[SourceQuality "1"]

1. d4 Nf6 2. Nf3 g6 3. Nbd2 d5 4. e3 Bg7 5. Bd3 c6 6. Ne5 Nbd7 7. f4 Nxe5 8. fxe5 Bg4 9. Nf3 Ne4 10. 0-0 0-0 11. Qe1 Bxf3 12. gxf3 Ng5 13. Qg3 Ne6 14. c3 f5 15. exf6 exf6 16. e4 Qc7 17. Qg4 Qd7 18. a4 a6 19. Be3 Qe7 20. Rfe1 dxe4 21. fxe4 Kh8 22. Qh3 Ng5 23. Bxg5 fxg5 24. e5 g4 25. Qxg4 Bh6 26. Qh3 Qg5+ 27. Qg2 Qh4 28. Re4 Rf4 29. Rxf4 Bxf4 30. Rf1 Rf8 31. Kh1 g5 32. Be2 Kg7 33. Rf3 g4 34. Kg1 Qxh2+ 35. Qxh2 Bxh2+ 36. Kxh2 gxf3 37. Bf1 h6 38. Kg3 f2 39. Kg2 Kg6 40. b4 Rf4 41. b5 axb5 42. axb5 Kf5 43. bxc6 bxc6 44. Bd3+ Kg5 45. Ba6 h5 46. Kf1 Kg4 47. Bb7 c5 48. dxc5 Kg3 49. e6 Ra4 50. Ke2 Ra1 0-1

[Event "Salerno op"]
[Site "Salerno "]
[Date "2012.01.28"]
[Round "4"]
[White "Loi, Andrea"]
[Black "Cangiano, Federico"]
[Result "1/2-1/2"]
[WhiteElo "2005"]
[BlackElo "1963"]
[PlyCount "45"]
[EventDate "2012.01.27"]
[EventType "swiss"]
[EventRounds "6"]
[EventCountry "ITA"]
[SourceTitle "EXT 2014"]
[Source "ChessBase"]
[SourceDate "2013.11.20"]
[SourceVersion "1"]
[SourceVersionDate "2013.11.20"]
[SourceQuality "1"]

1. d4 e6 2. c4 d5 3. Nc3 c6 4. Nf3 Nd7 5. Bf4 Ngf6 6. e3 Be7 7. Qc2 0-0 8. h3 b6 9. cxd5 exd5 10. Bd3 Re8 11. g4 Bb4 12. 0-0-0 Bxc3 13. Qxc3 Bb7 14. Kb1 c5 15. Qc2 cxd4 16. Nxd4 a6 17. Rc1 Nc5 18. Bf5 g6 19. Bd3 Nfe4 20. Bxe4 dxe4 21. Bg3 Rc8 22. Qd2 Qf6 23. h4 1/2-1/2

[Event "Palmi op 5th"]
[Site "Palmi"]
[Date "2012.01.06"]
[Round "9"]
[White "Blasco, Domenico"]
[Black "Cangiano, Federico"]
[Result "0-1"]
[WhiteElo "1938"]
[BlackElo "1963"]
[PlyCount "84"]
[EventDate "2012.01.02"]
[EventType "swiss"]
[EventRounds "9"]
[EventCountry "ITA"]
[SourceTitle "CBM 146 Extra"]
[Source "ChessBase"]
[SourceDate "2012.02.29"]
[SourceVersion "1"]
[SourceVersionDate "2012.02.29"]
[SourceQuality "1"]

1. d4 e6 2. Nf3 d5 3. e3 c6 4. Bd3 f5 5. 0-0 Nf6 6. c4 Be7 7. Nc3 0-0 8. Qc2 Ne4 9. b3 Rf6 10. Bb2 Rh6 11. Rac1 Bd6 12. g3 Qe8 13. cxd5 Qh5 14. Bxe4 fxe4 15. Qxe4 exd5 16. Nxd5 Bg4 17. Nf4 Bxf4 18. Rc5 Bxf3 19. Rxh5 Bxe4 20. Rc5 Bd6 21. Rcc1 Bf3 22. Rfe1 Re6 23. a3 Nd7 24. a4 Nf6 25. a5 Bd5 26. Rb1 Bb4 27. Rec1 Bxa5 28. Ba3 Bc7 29. b4 a6 30. Kf1 Bf3 31. Rc5 Nd5 32. Ke1 Rf8 33. Rcc1 Nxe3 34. fxe3 Rxe3+ 35. Kd2 Rxa3 36. Re1 Kf7 37. Rf1 Kg6 38. Rbe1 Rd8 39. Kc2 Rxd4 40. Re7 Bd6 41. Rxb7 Bxb4 42. Rc7 Rd2+ 0-1

[Event "Palmi op 5th"]
[Site "Palmi"]
[Date "2012.01.05"]
[Round "8"]
[White "Cangiano, Federico"]
[Black "Gregori, Giacomo"]
[Result "1/2-1/2"]
[WhiteElo "1963"]
[BlackElo "2023"]
[PlyCount "62"]
[EventDate "2012.01.02"]
[EventType "swiss"]
[EventRounds "9"]
[EventCountry "ITA"]
[SourceTitle "CBM 146 Extra"]
[Source "ChessBase"]
[SourceDate "2012.02.29"]
[SourceVersion "1"]
[SourceVersionDate "2012.02.29"]
[SourceQuality "1"]

1. d4 Nf6 2. Nf3 g6 3. Nbd2 d5 4. e3 Bg7 5. Bd3 0-0 6. Ne5 c5 7. c3 Nc6 8. f4 Nd7 9. 0-0 Qc7 10. Qe1 e6 11. Rf3 f6 12. Nxc6 Qxc6 13. Rh3 Rf7 14. Nf3 Nf8 15. Rg3 e5 16. fxe5 fxe5 17. dxe5 Bf5 18. Qe2 Bxd3 19. Qxd3 Re8 20. Bd2 c4 21. Qd4 Nd7 22. Qh4 Nxe5 23. Nxe5 Bxe5 24. Rh3 Ref8 25. Re1 Qb6 26. Bc1 a5 27. Qg5 Rf5 28. Qe7 R8f7 29. Qe8+ Kg7 30. g4 Rf8 31. Qe7+ R8f7 1/2-1/2

[Event "Campobasso op 18th"]
[Site "Campobasso "]
[Date "2011.07.23"]
[Round "4"]
[White "Distaso, Antonio"]
[Black "Cangiano, Federico"]
[Result "0-1"]
[WhiteElo "2022"]
[BlackElo "1957"]
[PlyCount "76"]
[EventDate "2011.08.06"]
[EventType "swiss"]
[EventRounds "6"]
[EventCountry "ITA"]
[SourceTitle "EXT 2014"]
[Source "ChessBase"]
[SourceDate "2013.11.20"]
[SourceVersion "1"]
[SourceVersionDate "2013.11.20"]
[SourceQuality "1"]

1. e4 e6 2. d4 d5 3. Nd2 Nf6 4. e5 Nfd7 5. Bd3 c5 6. c3 Nc6 7. Ne2 cxd4 8. cxd4 f6 9. exf6 Nxf6 10. Nf3 Bd6 11. 0-0 Qc7 12. Bg5 0-0 13. Bh4 Bd7 14. Bg3 Rac8 15. Nc3 a6 16. Re1 Bxg3 17. hxg3 Qd6 18. Na4 Nb4 19. Nc5 Nxd3 20. Qxd3 Rc7 21. Re2 Bb5 22. Rxe6 Qxc5 23. Qe3 Qc2 24. b3 Qb2 25. Qe1 Ne4 26. a4 Be8 27. Re5 Qc3 28. Qd1 Bf7 29. Rb1 Rfc8 30. Qf1 Qc2 31. Qe1 Qxb1 32. Qxb1 Rc1+ 33. Qxc1 Rxc1+ 34. Kh2 Nxf2 35. Re1 Rxe1 36. Nxe1 Bg6 37. Kg1 Nd3 38. Nf3 a5 0-1

[Event "Napoli Vomero Septembre 7th"]
[Site "Napoli"]
[Date "2010.10.08"]
[Round "5"]
[White "Cangiano, Federico"]
[Black "Gallo, Thomas Renato"]
[Result "1/2-1/2"]
[WhiteElo "1960"]
[BlackElo "1863"]
[PlyCount "102"]
[EventDate "2010.09.10"]
[EventType "swiss"]
[EventRounds "7"]
[EventCountry "ITA"]
[SourceTitle "EXT 2024"]
[Source "ChessBase"]
[SourceDate "2023.10.10"]
[SourceVersion "1"]
[SourceVersionDate "2023.10.10"]
[SourceQuality "1"]

1. e4 e6 2. d4 d5 3. Nc3 dxe4 4. Nxe4 Bd7 5. Nf3 Bc6 6. Bd3 Nd7 7. 0-0 Ngf6 8. Ng3 Bd6 9. Qe2 Bxf3 10. Qxf3 c6 11. Re1 0-0 12. Ne4 Be7 13. Ng5 Qa5 14. c3 h6 15. Ne4 Qh5 16. Nxf6+ Nxf6 17. Qg3 Rfd8 18. Be2 Qg6 19. Qxg6 fxg6 20. Bd3 Kf7 21. Re3 g5 22. Bc4 Rd6 23. Rf3 Bd8 24. b4 b5 25. Bb3 a5 26. Ba3 a4 27. Bc2 Ke7 28. Re1 Bc7 29. Be4 Rf8 30. Rfe3 Ng4 31. R3e2 Kd7 32. Bf3 Nf6 33. g3 g4 34. Bg2 Nh7 35. Bc1 g5 36. h3 gxh3 37. Bxh3 Rf6 38. f4 Rg6 39. f5 Rf6 40. Rxe6 Rfxe6 41. fxe6+ Ke7 42. Kg2 Nf8 43. Rd1 Bb6 44. Be3 Nxe6 45. Bxe6 Rxe6 46. Kf3 g4+ 47. Kf2 Bc7 48. Bf4 Rf6 49. Ke3 Re6+ 50. Kf2 Rf6 51. Ke3 Re6+ 1/2-1/2

[Event "Amantea op-A 8th"]
[Site "Amantea"]
[Date "2010.09.05"]
[Round "9"]
[White "Diaz, Linda Victoria"]
[Black "Cangiano, Federico"]
[Result "0-1"]
[WhiteElo "2010"]
[BlackElo "1960"]
[PlyCount "70"]
[EventDate "2010.08.29"]
[EventType "swiss"]
[EventRounds "9"]
[EventCountry "ITA"]
[SourceTitle "CBM 138 Extra"]
[Source "ChessBase"]
[SourceDate "2010.10.29"]
[SourceVersion "1"]
[SourceVersionDate "2010.10.29"]
[SourceQuality "1"]

1. e4 e6 2. d4 d5 3. e5 c5 4. c3 Nc6 5. Nf3 Qb6 6. Bd3 cxd4 7. cxd4 Bd7 8. Be2 Nh6 9. Bxh6 Qxb2 10. Bxg7 Bxg7 11. Nbd2 Nxd4 12. Rb1 Nxf3+ 13. gxf3 Qxe5 14. Rxb7 Bc6 15. Rb1 0-0 16. Rb4 f5 17. f4 Qd6 18. a3 a5 19. Rb6 Qc5 20. Qb1 Bd4 21. Rb3 Bxf2+ 22. Kf1 Bd4 23. Nf3 Bg7 24. Ng5 Qd6 25. Qc1 Rab8 26. Rg3 Rb7 27. Rhg1 h6 28. Nf3 Kh7 29. Ne5 Be8 30. Rh3 Qc7 31. Qe1 Qe7 32. Qg3 Rb1+ 33. Kg2 Rxg1+ 34. Kxg1 Rg8 35. Qg5 Bf8 0-1

[Event "Amantea op-A 8th"]
[Site "Amantea"]
[Date "2010.09.04"]
[Round "8"]
[White "Cangiano, Federico"]
[Black "Carola, Paolo"]
[Result "0-1"]
[WhiteElo "1960"]
[BlackElo "1917"]
[PlyCount "134"]
[EventDate "2010.08.29"]
[EventType "swiss"]
[EventRounds "9"]
[EventCountry "ITA"]
[SourceTitle "CBM 138 Extra"]
[Source "ChessBase"]
[SourceDate "2010.10.29"]
[SourceVersion "1"]
[SourceVersionDate "2010.10.29"]
[SourceQuality "1"]

1. d4 d5 2. Nf3 Nf6 3. e3 Bf5 4. Bd3 Qc8 5. 0-0 Bxd3 6. Qxd3 e6 7. Nbd2 Be7 8. e4 dxe4 9. Nxe4 Nbd7 10. Re1 Nxe4 11. Qxe4 Nf6 12. Qe2 0-0 13. Bg5 c5 14. Rad1 Rd8 15. c3 cxd4 16. Nxd4 Rd5 17. Nf3 Qc5 18. Rxd5 Qxd5 19. c4 Qa5 20. a3 Rd8 21. Ne5 Rd4 22. f3 Rd6 23. Qe3 Qd8 24. Qe2 h6 25. Be3 Nd7 26. Nd3 Nb6 27. Ne5 Bf6 28. c5 Rd5 29. Nxf7 Kxf7 30. cxb6 axb6 31. f4 Rd3 32. Kf1 Rb3 33. Bc1 Qd3 34. Rd1 Qxe2+ 35. Kxe2 Bxb2 36. Be3 Bxa3 37. Rd7+ Kf6 38. Rxb7 b5 39. g4 Rb2+ 40. Kf3 Rb3 41. Ke4 Bb2 42. Rb6 Rb4+ 43. Kf3 Rb3 44. Ke2 Kf7 45. Rb7+ Kf6 46. h4 h5 47. gxh5 Kf5 48. h6 gxh6 49. Rh7 Ke4 50. Bd2 Rh3 51. Rxh6 Rh2+ 52. Ke1 Kd3 53. Ba5 Bd4 54. Kf1 Rf2+ 55. Ke1 Rxf4 56. Rxe6 Rxh4 57. Kf1 Rh1+ 58. Kg2 Ra1 59. Bc7 b4 60. Rd6 b3 61. Bb6 Ra4 62. Bxd4 Rxd4 63. Rb6 Kc2 64. Rc6+ Kb1 65. Kf2 b2 66. Ke2 Ka2 67. Ra6+ Kb3 0-1

[Event "Amantea op-A 8th"]
[Site "Amantea"]
[Date "2010.08.29"]
[Round "1"]
[White "Cangiano, Federico"]
[Black "Isonzo, Davide"]
[Result "0-1"]
[WhiteElo "1960"]
[BlackElo "2357"]
[PlyCount "74"]
[EventDate "2010.08.29"]
[EventType "swiss"]
[EventRounds "9"]
[EventCountry "ITA"]
[SourceTitle "CBM 138 Extra"]
[Source "ChessBase"]
[SourceDate "2010.10.29"]
[SourceVersion "1"]
[SourceVersionDate "2010.10.29"]
[SourceQuality "1"]

1. d4 Nf6 2. Nf3 g6 3. Nc3 d5 4. Bf4 Bg7 5. e3 0-0 6. h3 c5 7. Be2 Nc6 8. 0-0 cxd4 9. exd4 Bf5 10. a3 Ne4 11. Na4 a6 12. c3 Rc8 13. Rc1 b5 14. Nc5 Nxc5 15. dxc5 d4 16. g4 Be4 17. cxd4 Nxd4 18. b4 Nxe2+ 19. Qxe2 Bd3 20. Qa2 Bxf1 21. Rxf1 Qd3 22. Kg2 Rfd8 23. Re1 e6 24. Re3 Qd1 25. Be5 Bxe5 26. Rxe5 Rd3 27. Re3 Rxe3 28. fxe3 a5 29. Qb2 axb4 30. axb4 Qd5 31. Kg3 f6 32. Qc2 Rd8 33. Qc3 e5 34. Kf2 Ra8 35. Kg3 Kg7 36. h4 Re8 37. e4 Qxe4 0-1

[Event "Campobasso op 16th"]
[Site "Campobasso"]
[Date "2009.07.25"]
[Round "4"]
[White "Ljubisavljevic, Zivojin Z"]
[Black "Cangiano, Federico"]
[Result "1-0"]
[WhiteElo "2287"]
[BlackElo "1965"]
[PlyCount "59"]
[EventDate "2009.07.24"]
[EventType "swiss"]
[EventRounds "6"]
[EventCountry "ITA"]
[SourceTitle "EXT 2012"]
[Source "ChessBase"]
[SourceDate "2011.11.24"]
[SourceVersion "1"]
[SourceVersionDate "2011.11.24"]
[SourceQuality "1"]

1. d4 d5 2. c3 Nf6 3. Bf4 e6 4. e3 Bd6 5. Bxd6 Qxd6 6. f4 0-0 7. Bd3 c5 8. Ne2 Nbd7 9. 0-0 b6 10. Nd2 Bb7 11. Ng3 cxd4 12. exd4 a5 13. Qe2 Rfe8 14. Rae1 a4 15. a3 Qc7 16. Nh1 Nf8 17. g4 Qc8 18. g5 N6d7 19. Nf2 Ba6 20. Nf3 Bxd3 21. Nxd3 Qc4 22. h4 b5 23. h5 Qc7 24. Nfe5 Nxe5 25. fxe5 Qe7 26. Qg4 Kh8 27. Re2 g6 28. Ref2 f5 29. exf6 Qf7 30. Ne5 1-0

[Event "Napoli Vomero Settembre op 5th"]
[Site "Napoli"]
[Date "2008.10.16"]
[Round "3"]
[White "Gallo, Thomas Renato"]
[Black "Cangiano, Federico"]
[Result "1/2-1/2"]
[WhiteElo "1878"]
[BlackElo "1963"]
[PlyCount "47"]
[EventDate "2008.10.02"]
[EventType "swiss"]
[EventRounds "5"]
[EventCountry "ITA"]
[SourceTitle "EXT 2011"]
[Source "ChessBase"]
[SourceDate "2010.11.26"]
[SourceVersion "1"]
[SourceVersionDate "2010.11.26"]
[SourceQuality "1"]

1. d4 d5 2. c4 c6 3. Nc3 Nf6 4. Nf3 a6 5. e3 b5 6. cxd5 cxd5 7. Bd3 Bg4 8. Bd2 e6 9. a4 b4 10. Ne2 Bxf3 11. gxf3 Bd6 12. Nc1 a5 13. Bb5+ Nbd7 14. Nd3 0-0 15. Rc1 Rc8 16. h3 e5 17. dxe5 Nxe5 18. b3 Rc7 19. Ke2 Qc8 20. Rxc7 Qxc7 21. Qa1 Nxd3 22. Bxd3 Be5 23. Rc1 Qd6 24. Qb1 1/2-1/2

[Event "Napoli Vomero Settembre op 5th"]
[Site "Napoli"]
[Date "2008.10.09"]
[Round "2"]
[White "Cangiano, Federico"]
[Black "Perelli, Giuseppe"]
[Result "1-0"]
[WhiteElo "1963"]
[BlackElo "1395"]
[PlyCount "33"]
[EventDate "2008.10.02"]
[EventType "swiss"]
[EventRounds "5"]
[EventCountry "ITA"]
[SourceTitle "EXT 2011"]
[Source "ChessBase"]
[SourceDate "2010.11.26"]
[SourceVersion "1"]
[SourceVersionDate "2010.11.26"]
[SourceQuality "1"]

1. d4 Nf6 2. Nf3 d5 3. e3 e6 4. Bd3 c5 5. c3 Be7 6. 0-0 0-0 7. Nbd2 Nc6 8. Ne5 cxd4 9. exd4 Nd7 10. f4 Ncxe5 11. fxe5 Re8 12. Bxh7+ Kxh7 13. Qh5+ Kg8 14. Qxf7+ Kh8 15. Rf3 Bg5 16. Rh3+ Bh6 17. Nf3 1-0